[Event "IECG CC.2008.0.00154 email"]
[Site "IECG email"]
[Date "2008.07.20"]
[Round "?"]
[White "Eide, John Henning"]
[Black "Millar, Brian"]
[Result "1-0"]
[WhiteElo "1523"]
[BlackElo "1480"]
[PlyCount "49"]
[EventDate "2008.07.20"]
[EventType "tourn (corr)"]
[EventRounds "6"]
[SourceTitle "Corr 2024"]
[Source "ChessBase"]
[SourceDate "2023.10.19"]
[SourceVersion "1"]
[SourceVersionDate "2023.10.19"]
[SourceQuality "1"]

1. e4 d5 2. exd5 Nf6 3. d4 Bg4 4. Nf3 c6 5. dxc6 Nxc6 6. c3 e5 7. Be2 exd4 8. Nxd4 Nxd4 9. cxd4 Bb4+ 10. Nc3 Qe7 11. Bg5 Bxc3+ 12. bxc3 Qxe2+ 13. Qxe2+ Bxe2 14. Kxe2 Ne4 15. Bd2 Rc8 16. Rhc1 Kd7 17. c4 Rhe8 18. Be3 Re7 19. Kd3 Nd6 20. Rab1 b6 21. c5 bxc5 22. Rxc5 Kd8 23. Bf4 Ne8 24. Rd5+ Rd7 25. Rxd7+ 1-0

[Event "IECG CC.2008.0.00154 email"]
[Site "IECG email"]
[Date "2008.07.20"]
[Round "?"]
[White "Millar, Brian"]
[Black "Dumitriu, Laurentiu"]
[Result "1-0"]
[WhiteElo "1480"]
[BlackElo "1600"]
[PlyCount "31"]
[EventDate "2008.07.20"]
[EventType "tourn (corr)"]
[EventRounds "6"]
[SourceTitle "Corr 2024"]
[Source "ChessBase"]
[SourceDate "2023.10.19"]
[SourceVersion "1"]
[SourceVersionDate "2023.10.19"]
[SourceQuality "1"]

1. d4 d5 2. Nf3 e6 3. e3 Be7 4. Bd3 c5 5. c3 Nf6 6. Nbd2 Nc6 7. dxc5 Bxc5 8. 0-0 0-0 9. e4 Bd7 10. exd5 Nxd5 11. Ne4 Bb6 12. a3 f5 13. Ng3 e5 14. Bc4 Be6 15. Ng5 Qd7 16. Nxe6 1-0

[Event "IECG CC.2008.0.00154 email"]
[Site "IECG email"]
[Date "2008.07.20"]
[Round "?"]
[White "Millar, Brian"]
[Black "Raluy, Marcos"]
[Result "0-1"]
[WhiteElo "1480"]
[BlackElo "1760"]
[PlyCount "46"]
[EventDate "2008.07.20"]
[EventType "tourn (corr)"]
[EventRounds "6"]
[SourceTitle "Corr 2024"]
[Source "ChessBase"]
[SourceDate "2023.10.19"]
[SourceVersion "1"]
[SourceVersionDate "2023.10.19"]
[SourceQuality "1"]

1. d4 d5 2. Nf3 Bf5 3. c4 e6 4. Qb3 Nc6 5. c5 Rb8 6. Nc3 Be7 7. Bf4 g5 8. Bg3 g4 9. Ne5 Nxd4 10. Qa4+ Nc6 11. Nxc6 bxc6 12. Qxa7 Rxb2 13. Bxc7 Bxc5 14. Qxc5 Qxc7 15. Qd4 e5 16. Nxd5 exd4 17. Nxc7+ Kd7 18. Na6 Kd6 19. a3 Nf6 20. Nb4 c5 21. Nd3 Bxd3 22. exd3 Re8+ 23. Kd1 Nd5 0-1

[Event "IECG CP.2007.P.00073 email"]
[Site "IECG email"]
[Date "2007.10.01"]
[Round "?"]
[White "Jones, Paul"]
[Black "Millar, Brian"]
[Result "1-0"]
[WhiteElo "2200"]
[BlackElo "1506"]
[PlyCount "65"]
[EventDate "2007.10.01"]
[EventType "tourn (corr)"]
[EventRounds "6"]
[SourceTitle "Corr 2024"]
[Source "ChessBase"]
[SourceDate "2023.10.19"]
[SourceVersion "1"]
[SourceVersionDate "2023.10.19"]
[SourceQuality "1"]

1. d4 Nf6 2. c4 e6 3. Nf3 b6 4. g3 Bb7 5. Bg2 Be7 6. Nc3 Ne4 7. Bd2 d5 8. cxd5 exd5 9. 0-0 0-0 10. Rc1 Nxd2 11. Qxd2 Nd7 12. Qf4 Nf6 13. Ne5 Bd6 14. e4 Nxe4 15. Nxe4 dxe4 16. Bxe4 Bxe4 17. Qxe4 Re8 18. Qf5 Bxe5 19. dxe5 c5 20. Rcd1 Qe7 21. Rd5 Rac8 22. Rfd1 Rcd8 23. Qg4 g6 24. Rd6 f6 25. Qf3 Rxd6 26. exd6 Qe6 27. Qb7 Qe2 28. Rf1 Qd2 29. Qc7 Ra8 30. Qe7 Qd5 31. d7 Rf8 32. Re1 Qa8 33. Re6 1-0

[Event "IECG CC.2004.0.00099 email"]
[Site "IECG email"]
[Date "2004.09.05"]
[Round "?"]
[White "Millar, Brian"]
[Black "Lahdenmaeki, Leo"]
[Result "0-1"]
[WhiteElo "1608"]
[BlackElo "1704"]
[PlyCount "123"]
[EventDate "2004.08.03"]
[EventType "tourn (corr)"]
[EventRounds "6"]
[SourceTitle "Corr 2024"]
[Source "ChessBase"]
[SourceDate "2023.10.19"]
[SourceVersion "1"]
[SourceVersionDate "2023.10.19"]
[SourceQuality "1"]

1. d4 Nf6 2. Nf3 g6 3. e3 c5 4. Nbd2 Bg7 5. c3 b6 6. Bd3 0-0 7. b4 d5 8. 0-0 Nbd7 9. a4 Qc7 10. Bb2 a5 11. b5 e5 12. e4 dxe4 13. Nxe4 Bb7 14. Nxf6+ Bxf6 15. Re1 exd4 16. cxd4 Rfe8 17. Be2 Rad8 18. Qc2 Qf4 19. Rad1 cxd4 20. Nxd4 Nc5 21. Nc6 Rxd1 22. Rxd1 Bxb2 23. Qxb2 Qxa4 24. h3 h6 25. Bf3 Qh4 26. Qd2 Kg7 27. Qd6 Bxc6 28. bxc6 Qe7 29. Qxe7 Rxe7 30. Rb1 Na4 31. Rd1 Re8 32. Bg4 f5 33. Bf3 Rc8 34. Rd7+ Kf6 35. Rd6+ Ke5 36. Rd5+ Ke6 37. Rb5 Re8 38. Rb1 Kd6 39. Rd1+ Kc7 40. Rd7+ Kc8 41. Ra7 Re1+ 42. Kh2 Nc5 43. Ra8+ Kc7 44. Ra7+ Kd6 45. Rg7 g5 46. g4 f4 47. h4 a4 48. hxg5 hxg5 49. Rxg5 a3 50. Rd5+ Kc7 51. Rd2 b5 52. g5 b4 53. g6 Re6 54. Rc2 Na6 55. Re2 Rxg6 56. Re7+ Kb6 57. Rb7+ Ka5 58. c7 Nxc7 59. Rxc7 b3 60. Be2 a2 61. Ra7+ Kb4 62. Re7 0-1